000 nam a22 7a 4500
999 _c10570
_d10570
008 180219b ||||| |||| 00| 0 eng d
100 _aGhosh,J.B.etal.
_96471
245 _aHands on Maths-6
260 _aNew Delhi
_bBharati Bhawan
_c2012